| 000 | 00837nam a22002177a 4500 | ||
|---|---|---|---|
| 999 |
_c2739 _d2739 |
||
| 003 | AR-CdUCM | ||
| 008 | 190305b ||||| |||| 00| 0 esp d | ||
| 020 | _aISBN | ||
| 040 |
_aMUNICIPALIDAD PROVINCIAL DEL CUSCO _cBIBLIOTECA MUNICIPAL DEL CUSCO |
||
| 082 |
_a868.6 / _bT72 |
||
| 100 |
_aTorre, Guillermo de _99574 |
||
| 245 |
_aLa aventura y el orden / _cGuillermo de Torre |
||
| 260 |
_aBuenos Aires ; _bLosada, _c1943. |
||
| 300 |
_a326 paginas ; _c20 cm. |
||
| 505 | _aEl rescate de la paradoja -- Unamuno y "Clarín" -- Una polémica airada -- Interpretaciones extranjeras -- Literatura, filosofía, centaurismo -- El poeta del 98 -- Doctrina y poesía -- Evasión y regreso ... | ||
| 650 |
_aEnsayos españoles _9576 |
||
| 650 |
_aSiglo XX _98 |
||
| 650 |
_aLiteratura moderna _99575 |
||
| 942 |
_2ddc _cLIBROS |
||
| 945 | _aacrt | ||